000 00921cab a2200193 4500
001 ABS44497
008 090401t xxu||||| |||| 00| 0 eng d
035 _a(Sirsi) u47507
041 _aeng
245 _aClimate and site development
350 _a0
490 _aBuilding
_vResearch and Information 19(1) January-February 19
520 _aConcentration on high wind s and coastal erosion , the article discusses climatic impact on building design and site development . It advises on the means of reducing the sensitivity of buildings to wind: by appropriate positioning; the selection of approved outline shapes, and the use of features such as stepped levels and hipped roofs. Dutch and German breakwater technology is recommended, as is a range of erosion control methods.
650 _aCLIMATE
650 _aWIND CONTROL
690 _aBUILT ENVIRONMENT-CONSTRUCTION DESIGN
942 _n0
948 _c04/03/1997
999 _c29960
_d29960